| 000 | 00539nam a22001937a 4500 | ||
|---|---|---|---|
| 005 | 20260423155527.0 | ||
| 008 | 260423b |||||||| |||| 00| 0 eng d | ||
| 020 | _a978-1-292-34163-7 | ||
| 050 | _aQH 308.2 .B56 2021 | ||
| 100 | _a CAMPBELL, NEIL A. | ||
| 245 | _aBIOLOGY: A GLOBAL APPROACH. | ||
| 250 | _a12TH | ||
| 260 |
_aHARLOW, _bPEARSON EDUCATION LIMITED, _c2021. |
||
| 300 | _a1345 P, ILL | ||
| 500 | _aINCLUDES INDEX. | ||
| 650 | _aBIOLOGY- TEXTBOOKS | ||
| 700 | _aURRY, LISA A. CAIN, MICHAEL L. | ||
| 942 |
_2lcc _cBK |
||
| 999 |
_c217050 _d217050 |
||